[Event "4NCL Online Division 4"]
[Site "online"]
[Date "2021.01.26"]
[Round "1.82"]
[White "Pool, Melvin R"]
[Black "Bailey, Adrian"]
[Result "0-1"]
[WhiteElo "1579"]
[BlackElo "1709"]
[PlyCount "106"]
[EventDate "2021.01.26"]
[WhiteTeam "Temple Sutton"]
[BlackTeam "Cheshire Cats"]

1. e4 c6 2. d4 d5 3. e5 Bf5 4. h4 h6 5. g4 Bh7 6. e6 fxe6 7. Bd3 Nf6 8. Bxh7
Rxh7 9. Qd3 Rh8 10. Qg6+ Kd7 11. Nf3 Qe8 12. Ne5+ Kc7 13. Bf4 Kb6 14. Qd3 a6
15. Qb3+ Ka7 16. c4 Nbd7 17. c5 Rc8 18. a4 Nxe5 19. Bxe5 Nd7 20. f4 Qg6 21. Rg1
Qe4+ 22. Kf2 Nxe5 23. fxe5 Qxd4+ 24. Qe3 Qxb2+ 25. Nd2 Qc2 26. Rgc1 Qg6 27. Qf3
h5 28. g5 Qf5 29. Rcb1 g6 30. Rb3 Bg7 31. Rab1 Rb8 32. Ke2 Qxf3+ 33. Nxf3 Rhf8
34. R1b2 Rf4 35. Ke3 Re4+ 36. Kd3 Bxe5 37. Nxe5 Rxe5 38. Rf2 Rf5 39. Rfb2 e5
40. Ke3 e4 41. Kd4 e5+ 42. Ke3 Rf3+ 43. Ke2 Rxb3 44. Rxb3 d4 45. Rb1 Rf8 46.
Rd1 Rf4 47. Rh1 Kb8 48. a5 Kc8 49. Kd2 Rf2+ 50. Ke1 Ra2 51. Rh3 Rxa5 52. Rh2
Ra1+ 53. Kd2 Ra2+ 0-1

[Event "4NCL Online Division 4"]
[Site "online"]
[Date "2021.01.26"]
[Round "1.83"]
[White "Cox, Paul"]
[Black "Perks, Gary M"]
[Result "0-1"]
[WhiteElo "1590"]
[BlackElo "1577"]
[PlyCount "54"]
[EventDate "2021.01.26"]
[WhiteTeam "Cheshire Cats"]
[BlackTeam "Temple Sutton"]

1. e4 d5 2. exd5 Qxd5 3. Nc3 Qd8 4. d4 Bf5 5. Bc4 Nf6 6. Nf3 Nbd7 7. Be3 e6 8.
a3 c6 9. Qd2 h6 10. h3 Be7 11. O-O O-O 12. Rad1 Ne4 13. Nxe4 Bxe4 14. Ne5 Nxe5
15. dxe5 Qxd2 16. Rxd2 b6 17. Rfd1 Bd5 18. Bd3 c5 19. c4 Bc6 20. b3 Rfd8 21. a4
a5 22. g3 Bf3 23. Rc1 Rd7 24. Rcc2 Rad8 25. Rc3 f6 26. Bf4 g5 27. Be3 fxe5 0-1

[Event "4NCL Online Division 4"]
[Site "online"]
[Date "2021.01.26"]
[Round "1.84"]
[White "Clancy, Mark"]
[Black "Fisher, Peter"]
[Result "1/2-1/2"]
[WhiteElo "1485"]
[BlackElo "1622"]
[PlyCount "141"]
[EventDate "2021.01.26"]
[WhiteTeam "Temple Sutton"]
[BlackTeam "Cheshire Cats"]

1. e4 c5 2. Nf3 d6 3. d4 cxd4 4. Nxd4 Nf6 5. Nc3 a6 6. h3 e6 7. Be3 Be7 8. Bd3
Qc7 9. O-O O-O 10. Qd2 b5 11. a3 Bb7 12. Rad1 Nbd7 13. Rfe1 Rfe8 14. b4 Rac8
15. Nce2 Nxe4 16. Qc1 Nef6 17. Ng3 Ne5 18. Be2 Nd5 19. Bd2 Nc4 20. Nf3 Bf6 21.
Bxc4 Qxc4 22. Qb1 Qxc2 23. Qxc2 Rxc2 24. Bc1 Rec8 25. Bd2 Bb2 26. Ne4 Rd8 27.
Bc1 Bxc1 28. Rxc1 Rxc1 29. Rxc1 h6 30. Nd4 Kf8 31. Ne2 Ke7 32. f3 Rc8 33. Rxc8
Bxc8 34. Nd4 Bb7 35. Kf2 Nb6 36. Nc3 Nc4 37. Nc2 d5 38. Ne2 e5 39. Ng3 Ke6 40.
Ke2 f5 41. Nh1 g5 42. Nf2 Kd6 43. Nd3 Bc8 44. Nc5 d4 45. Kd3 Kd5 46. g3 Nb2+
47. Kd2 e4 48. fxe4+ fxe4 49. g4 Kc4 50. Nxe4 Kb3 51. Nc5+ Kc4 52. Ne1 Kd5 53.
Kc2 Nc4 54. Kb3 Ke5 55. Ned3+ Kd5 56. Nf2 Nd2+ 57. Kc2 Nf3 58. Kd3 Ne5+ 59. Kc2
Nc4 60. Kb3 Ne5 61. Kc2 Kc4 62. Nfe4 Nf3 63. Nd6+ Kd5 64. Nxc8 a5 65. Ne7+ Kc4
66. Nd3 axb4 67. Nxb4 Ne1+ 68. Kd2 Nf3+ 69. Kc2 Ne1+ 70. Kd2 Nf3+ 71. Kc2
1/2-1/2

[Event "4NCL Online Division 4"]
[Site "online"]
[Date "2021.01.26"]
[Round "1.91"]
[White "Wong, Tristan"]
[Black "Whatmore, Steve"]
[Result "0-1"]
[WhiteElo "1586"]
[BlackElo "1810"]
[PlyCount "118"]
[EventDate "2021.01.26"]
[WhiteTeam "Warwickshire Bears B"]
[BlackTeam "Rugeley Rangers"]

1. d4 Nf6 2. Bf4 c5 3. e3 d5 4. Nf3 Nc6 5. Bd3 c4 6. Be2 Bf5 7. c3 e6 8. O-O h6
9. Nbd2 Be7 10. Qc1 O-O 11. Re1 Nh5 12. Bd1 Nxf4 13. exf4 b5 14. Bc2 Bxc2 15.
Qxc2 Qd7 16. Re3 a5 17. Rae1 Qc7 18. Ne5 Nxe5 19. fxe5 b4 20. Nf1 bxc3 21. bxc3
Rab8 22. Ng3 Bg5 23. Rf3 Rb6 24. Nh5 Rfb8 25. Rg3 Rb2 26. Qd1 g6 27. Nf6+ Bxf6
28. exf6 Qf4 29. Rf3 Qd2 30. Qxd2 Rxd2 31. Ra1 Rdb2 32. h4 Rb1+ 33. Rxb1 Rxb1+
34. Kh2 Ra1 35. Rg3 Rxa2 36. f4 Rf2 37. Kg1 Rxf4 38. h5 Rxf6 39. hxg6 Rxg6 40.
Re3 Kg7 41. Kh2 Kf6 42. Rf3+ Ke7 43. Rf2 Rg8 44. Ra2 Ra8 45. Kh3 f6 46. Kh4 Kf7
47. Kh5 Kg7 48. Re2 Ra6 49. Re3 a4 50. Rg3+ Kf7 51. Kxh6 a3 52. Rg7+ Kf8 53.
Rb7 Ra8 54. Rb1 a2 55. Ra1 Kf7 56. Kh7 e5 57. dxe5 fxe5 58. g4 Kf6 59. Kh6 Rh8#
0-1

[Event "4NCL Online Division 4"]
[Site "online"]
[Date "2021.01.26"]
[Round "1.92"]
[White "Carr, Matthew"]
[Black "Vaidyanathan, Adithya"]
[Result "1-0"]
[WhiteElo "1688"]
[BlackElo "1453"]
[PlyCount "59"]
[EventDate "2021.01.26"]
[WhiteTeam "Rugeley Rangers"]
[BlackTeam "Warwickshire Bears B"]

1. d4 d5 2. Nf3 Bf5 3. Bf4 Nf6 4. e3 e6 5. Bd3 Bxd3 6. Qxd3 c6 7. Nbd2 Na6 8.
c3 Qb6 9. Qc2 c5 10. Ne5 cxd4 11. Qa4+ Ke7 12. cxd4 Rc8 13. O-O Nb4 14. Rac1
Nc6 15. Ndf3 Nd7 16. Nxc6+ bxc6 17. Rc2 c5 18. Rfc1 c4 19. b3 g5 20. Bxg5+ f6
21. Bf4 Qb7 22. bxc4 Nb6 23. Qb4+ Kf7 24. c5 a5 25. Qxb6 Qa8 26. c6 Rg8 27.
Qb7+ Kg6 28. Nh4+ Kh5 29. Qxh7+ Kg4 30. h3# 1-0

[Event "4NCL Online Division 4"]
[Site "online"]
[Date "2021.01.26"]
[Round "1.93"]
[White "Amir, Zain"]
[Black "Sullivan, Luke"]
[Result "0-1"]
[WhiteElo "1425"]
[BlackElo "1571"]
[PlyCount "72"]
[EventDate "2021.01.26"]
[WhiteTeam "Warwickshire Bears B"]
[BlackTeam "Rugeley Rangers"]

1. c4 Nf6 2. Nc3 c6 3. g3 d5 4. cxd5 cxd5 5. d4 Bf5 6. Bg2 e6 7. Nf3 h6 8. O-O
Be7 9. Bf4 Nc6 10. Qd2 Rc8 11. Rac1 a6 12. a3 Na5 13. Qd1 Nc4 14. Qb3 b5 15.
Ne5 g5 16. Nxc4 dxc4 17. Qd1 gxf4 18. gxf4 Bd6 19. e4 Bxf4 20. Ra1 Bg4 21. f3
Bh5 22. Ne2 Bg5 23. Kh1 Rc7 24. Ng3 Be3 25. Ne2 Rd7 26. e5 Nd5 27. Ng3 Qh4 28.
Ne4 Bf4 29. h3 Bg6 30. Nd6+ Rxd6 31. exd6 Qg3 32. Kg1 Be3+ 33. Kh1 Bf4 34. Kg1
Ne3 35. Qe2 Bd3 36. Qf2 Qh2# 0-1

[Event "4NCL Online Division 4"]
[Site "online"]
[Date "2021.01.26"]
[Round "1.94"]
[White "Wood, Ryan"]
[Black "Miller, Kai"]
[Result "1-0"]
[WhiteElo "1428"]
[BlackElo "1416"]
[PlyCount "26"]
[EventDate "2021.01.26"]
[WhiteTeam "Rugeley Rangers"]
[BlackTeam "Warwickshire Bears B"]

1. e4 e5 2. Nc3 Nf6 3. f4 Nc6 4. fxe5 Nxe5 5. d4 Nc6 6. e5 Ng8 7. Nf3 Bb4 8.
Bc4 h6 9. O-O Nge7 10. Ng5 hxg5 11. Qf3 f5 12. exf6 Ng6 13. fxg7 Nce5 1-0

[Event "4NCL Online Division 4"]
[Site "online"]
[Date "2021.01.26"]
[Round "1.101"]
[White "Lonsdale, Jon I"]
[Black "Duckers, Harvey L"]
[Result "1-0"]
[WhiteElo "1922"]
[BlackElo "2065"]
[PlyCount "47"]
[EventDate "2021.01.26"]
[WhiteTeam "Manchester Manticores 2"]
[BlackTeam "Crowthorne 1"]

1. e4 d6 2. d4 Nf6 3. Nc3 g6 4. Bg5 Bg7 5. Qd2 h6 6. Bh4 a6 7. f4 c6 8. O-O-O
b5 9. Bd3 b4 10. Nce2 Qb6 11. f5 g5 12. Bg3 c5 13. e5 Nh5 14. Bf2 Nc6 15. g4
Nf4 16. Nxf4 gxf4 17. Nf3 Bb7 18. f6 exf6 19. exf6 Bxf6 20. Rhe1+ Kf8 21. Qxf4
Kg7 22. g5 hxg5 23. Nxg5 Ne7 24. Rxe7 1-0

[Event "4NCL Online Division 4"]
[Site "online"]
[Date "2021.01.26"]
[Round "1.102"]
[White "Johnson, Derek R"]
[Black "Sheppard, Daniel C"]
[Result "1-0"]
[WhiteElo "2020"]
[BlackElo "1869"]
[PlyCount "107"]
[EventDate "2021.01.26"]
[WhiteTeam "Crowthorne 1"]
[BlackTeam "Manchester Manticores 2"]

1. e4 c6 2. d4 d5 3. e5 Bf5 4. Nf3 e6 5. Be2 c5 6. Be3 Qb6 7. b3 Nc6 8. O-O
cxd4 9. Nxd4 Nxd4 10. Bxd4 Bc5 11. Bxc5 Qxc5 12. c4 Rd8 13. Nd2 dxc4 14. Bxc4
Qa5 15. Qf3 Rxd2 16. Qxb7 Ne7 17. Bb5+ Kf8 18. Rad1 g5 19. Rxd2 Qxd2 20. Qxa7
Qd5 21. Qb8+ Kg7 22. Qd6 Qxd6 23. exd6 Nd5 24. f3 Kf6 25. g4 Bg6 26. Rc1 Rd8
27. d7 Nb6 28. Rc7 Ke7 29. a4 Nxd7 30. a5 Kd6 31. Rb7 Ne5 32. Be2 Kc6 33. a6
Nd3 34. b4 Nf4 35. Bb5+ Kd5 36. a7 Ra8 37. Rd7+ Ke5 38. Bc6 Rxa7 39. Rxa7 Kd6
40. Be4 f5 41. gxf5 exf5 42. Bc2 Ne2+ 43. Kf2 Nd4 44. Bd3 Nc6 45. Ra6 Kc7 46.
b5 Nb4 47. Ra3 Kb6 48. Be2 Nc2 49. Rd3 f4 50. Rd6+ Kc5 51. Rc6+ Kd5 52. Bc4+
Kd4 53. b6 Nb4 54. Rc7 1-0

[Event "4NCL Online Division 4"]
[Site "online"]
[Date "2021.01.26"]
[Round "1.103"]
[White "Potter, Steven"]
[Black "Green, George D A"]
[Result "1-0"]
[WhiteElo "1833"]
[BlackElo "1797"]
[PlyCount "87"]
[EventDate "2021.01.26"]
[WhiteTeam "Manchester Manticores 2"]
[BlackTeam "Crowthorne 1"]

1. d4 Nf6 2. Bg5 d5 3. Bxf6 exf6 4. e3 Bd6 5. Bd3 c6 6. Nd2 f5 7. Ngf3 Be6 8.
a3 Nd7 9. O-O O-O 10. c4 Nf6 11. Qc2 Ne4 12. c5 Bc7 13. b4 Bd7 14. a4 g5 15. b5
g4 16. Ne5 Bxe5 17. dxe5 Qe7 18. Bxe4 fxe4 19. bxc6 Bxc6 20. Nb3 Qxe5 21. Nd4
Rfc8 22. Rfb1 Rab8 23. Qb2 Be8 24. Rc1 Rc7 25. Qb4 Rbc8 26. Rc3 b6 27. Rac1
bxc5 28. Rxc5 Rxc5 29. Rxc5 Rb8 30. Qe1 Bxa4 31. Qc1 Rb7 32. g3 Bd7 33. Rc8+
Kg7 34. Ra8 Qc7 35. Qa1 Kh6 36. Qa3 Rb8 37. Rxa7 Qc8 38. Qd6+ Be6 39. Rxf7 Kg6
40. Re7 Rb1+ 41. Kg2 Qc1 42. Qxe6+ Kg5 43. Qf5+ Kh6 44. Rxh7# 1-0

[Event "4NCL Online Division 4"]
[Site "online"]
[Date "2021.01.26"]
[Round "1.104"]
[White "Love, James"]
[Black "Green, Tom D A"]
[Result "0-1"]
[WhiteElo "1652"]
[BlackElo "1259"]
[PlyCount "68"]
[EventDate "2021.01.26"]
[WhiteTeam "Crowthorne 1"]
[BlackTeam "Manchester Manticores 2"]

1. e4 d6 2. Nf3 g6 3. d4 Bg7 4. Nc3 Nf6 5. Bd3 O-O 6. Be3 Nc6 7. Qd2 Ng4 8.
O-O-O a5 9. Bb5 Nxe3 10. Qxe3 Na7 11. e5 c6 12. Be2 b5 13. h4 Bd7 14. h5 b4 15.
Na4 c5 16. exd6 exd6 17. dxc5 Bxa4 18. hxg6 Qf6 19. gxh7+ Kh8 20. Nd4 dxc5 21.
Nb3 Qxb2+ 22. Kd2 Bc3+ 23. Kd3 Bb5+ 24. Ke4 Rae8+ 25. Kf4 Rxe3 26. fxe3 Bxe2
27. Rd7 Be5+ 28. Ke4 Qxc2+ 29. Kxe5 Re8+ 30. Kf4 Qe4+ 31. Kg3 Qxe3+ 32. Kh4
Re4+ 33. g4 Rxg4+ 34. Kh5 Qg5# 0-1

[Event "4NCL Online Division 4"]
[Site "online"]
[Date "2021.01.26"]
[Round "1.111"]
[White "Barr, Joseph"]
[Black "Pines, Chris"]
[Result "1/2-1/2"]
[WhiteElo "1495"]
[BlackElo "1536"]
[PlyCount "111"]
[EventDate "2021.01.26"]
[WhiteTeam "Harrow 3"]
[BlackTeam "St Albans 2"]

1. c4 c5 2. Nf3 Nc6 3. Nc3 d6 4. d4 cxd4 5. Nxd4 Nxd4 6. Qxd4 Nf6 7. e4 Be6 8.
Be2 g6 9. e5 dxe5 10. Qxe5 Bg7 11. Qb5+ Qd7 12. Qxd7+ Bxd7 13. Bd2 O-O 14. O-O
Bc6 15. Rad1 a6 16. Rfe1 e6 17. a3 Rad8 18. Bg5 Rxd1 19. Rxd1 h6 20. Bh4 Nd7
21. f3 Nc5 22. Bf2 Na4 23. Nxa4 Bxa4 24. Rd2 h5 25. Be3 Rc8 26. b4 Bc3 27. Rd3
Bf6 28. Bd4 Be7 29. Rc3 Rd8 30. Rd3 Bg5 31. Bb2 Rc8 32. Rd6 Be7 33. Rd2 Bg5 34.
Rd6 Bf4 35. Rd4 Be3+ 36. Kf1 Bxd4 37. Bxd4 Bb3 38. c5 Rd8 39. Bc3 f5 40. h4 Rc8
41. Be5 Kf7 42. f4 Bd5 43. Kf2 Ke7 44. Bd1 Bc6 45. Bb3 Rd8 46. Bd6+ Rxd6 47.
cxd6+ Kxd6 48. g3 Bd5 49. Ba4 b5 50. Bc2 Bc4 51. Ke3 Kd5 52. Bb1 Bf1 53. Ba2+
Bc4 54. Bb1 Bb3 55. Bd3 Bc4 56. Bb1 1/2-1/2

[Event "4NCL Online Division 4"]
[Site "online"]
[Date "2021.01.26"]
[Round "1.112"]
[White "Douse, Terry"]
[Black "Dilukshan, Manoharan"]
[Result "1/2-1/2"]
[WhiteElo "1467"]
[BlackElo "1407"]
[PlyCount "120"]
[EventDate "2021.01.26"]
[WhiteTeam "St Albans 2"]
[BlackTeam "Harrow 3"]

1. d4 Nf6 2. c4 g6 3. Nc3 Bg7 4. Nf3 d6 5. e3 O-O 6. Be2 c6 7. O-O Re8 8. a3
Bg4 9. b4 Bxf3 10. Bxf3 e5 11. dxe5 dxe5 12. Qc2 Qc7 13. e4 Rd8 14. Be3 a6 15.
Rad1 Nbd7 16. Rd2 Nb6 17. Rxd8+ Rxd8 18. c5 Nc8 19. h3 Nd7 20. Rd1 Bf6 21. Bg4
Na7 22. a4 Nf8 23. Rd2 h5 24. Be2 Ne6 25. Bc4 Nd4 26. Qd1 Kg7 27. Kf1 Nc8 28.
Ne2 Nxe2 29. Kxe2 Rxd2+ 30. Qxd2 Qd8 31. Qa2 Qd7 32. Qb3 h4 33. Qd3 Qxd3+ 34.
Kxd3 Be7 35. f4 exf4 36. Bxf4 g5 37. Be5+ Bf6 38. Bc7 Bb2 39. e5 Ne7 40. e6 f6
41. Bd6 Kf8 42. b5 a5 43. bxc6 bxc6 44. Ba6 Ke8 45. Bb7 Kd8 46. Bxe7+ Kxe7 47.
Bxc6 Kxe6 48. Bf3 Kd7 49. Kc4 Kc7 50. Kb5 Bc3 51. Kc4 Bb4 52. Kd5 Bc3 53. Ke6
Bd4 54. Kd5 Be5 55. Kc4 Bg3 56. Kb5 Be1 57. c6 Bc3 58. Bg4 Bb4 59. Bd7 Bc3 60.
Kc4 Bb4 1/2-1/2

[Event "4NCL Online Division 4"]
[Site "online"]
[Date "2021.01.26"]
[Round "1.113"]
[White "Nettleton, Robin"]
[Black "Branch, Graham"]
[Result "1/2-1/2"]
[WhiteElo "1393"]
[BlackElo "1432"]
[PlyCount "75"]
[EventDate "2021.01.26"]
[WhiteTeam "Harrow 3"]
[BlackTeam "St Albans 2"]

1. d4 e6 2. Bf4 d5 3. e3 Bd6 4. Bg3 Nf6 5. Nf3 O-O 6. Bd3 b6 7. c3 Ba6 8. Qc2
Bxd3 9. Qxd3 c5 10. Nbd2 Nc6 11. Qb5 Bxg3 12. hxg3 Qd6 13. Qd3 c4 14. Qc2 Ne7
15. Rh4 Ng6 16. Rh3 Rfe8 17. O-O-O b5 18. e4 dxe4 19. Nxe4 Nxe4 20. Qxe4 Rad8
21. Nh4 a5 22. Nxg6 fxg6 23. Rdh1 e5 24. Rxh7 exd4 25. Rh8+ Kf7 26. Qf3+ Qf6
27. Qxf6+ gxf6 28. Rxe8 Rxe8 29. Rh7+ Kg8 30. Rb7 d3 31. Rxb5 Re1+ 32. Kd2 Re2+
33. Kd1 Rxf2 34. Rxa5 Rf1+ 35. Kd2 Rf2+ 36. Kd1 Rf1+ 37. Kd2 Rf2+ 38. Kd1
1/2-1/2

[Event "4NCL Online Division 4"]
[Site "online"]
[Date "2021.01.26"]
[Round "1.114"]
[White "Harris, Stuart"]
[Black "Walker, David J R"]
[Result "1-0"]
[WhiteElo "1240"]
[BlackElo "1264"]
[PlyCount "61"]
[EventDate "2021.01.26"]
[WhiteTeam "St Albans 2"]
[BlackTeam "Harrow 3"]

1. e4 c5 2. Nf3 d6 3. d4 cxd4 4. Nxd4 Nf6 5. Nc3 a6 6. Be2 e6 7. O-O Be7 8. b4
b5 9. a4 Bb7 10. axb5 axb5 11. Rxa8 Bxa8 12. Bxb5+ Nbd7 13. Re1 O-O 14. Bc6 Qc7
15. b5 Ne5 16. Bxa8 Rxa8 17. Bd2 Qc5 18. Nf3 Bd8 19. Nxe5 Qxe5 20. Qb1 Bb6 21.
Qb4 h5 22. Be3 Bxe3 23. fxe3 Ng4 24. g3 Rc8 25. b6 Rb8 26. b7 h4 27. Kg2 hxg3
28. hxg3 Nf6 29. Ra1 Qc5 30. Qxc5 dxc5 31. Ra8 1-0

[Event "4NCL Online Division 4"]
[Site "online"]
[Date "2021.01.26"]
[Round "1.121"]
[White "Kairat, Alexander"]
[Black "Rizvi, Nasir"]
[Result "0-1"]
[WhiteElo "1657"]
[BlackElo "2021"]
[PlyCount "60"]
[EventDate "2021.01.26"]
[WhiteTeam "Woking Warriors"]
[BlackTeam "4 Gems"]

1. e4 c5 2. Nf3 d6 3. d4 cxd4 4. Nxd4 Nf6 5. Nc3 g6 6. Bd3 Bg7 7. O-O O-O 8.
Be3 Ng4 9. Qd2 Nxe3 10. fxe3 Nc6 11. Nxc6 bxc6 12. Rf2 Rb8 13. b3 Qa5 14. Raf1
Qxc3 15. Qxc3 Bxc3 16. Bc4 e6 17. Rd1 d5 18. exd5 exd5 19. Bd3 f5 20. Be2 Re8
21. Rd3 Bg7 22. h3 Ba6 23. Rd1 Bxe2 24. Rxe2 f4 25. Rd3 Rxe3 26. Rdxe3 fxe3 27.
Kf1 Rf8+ 28. Ke1 Bc3+ 29. Kd1 Rf1+ 30. Re1 Rxe1# 0-1

[Event "4NCL Online Division 4"]
[Site "online"]
[Date "2021.01.26"]
[Round "1.122"]
[White "Whelan, Joseph"]
[Black "Kothari, Jai"]
[Result "0-1"]
[WhiteElo "1515"]
[BlackElo "1574"]
[PlyCount "124"]
[EventDate "2021.01.26"]
[WhiteTeam "4 Gems"]
[BlackTeam "Woking Warriors"]

1. e4 c5 2. Nf3 d6 3. d4 cxd4 4. Bc4 Nf6 5. Nxd4 g6 6. Nc3 Bg7 7. Be3 a6 8. Qd2
b5 9. Bb3 Bb7 10. Bh6 O-O 11. Bxg7 Kxg7 12. O-O-O Nc6 13. Nxc6 Bxc6 14. Bd5 Rc8
15. Kb1 Qb6 16. Bxc6 Rxc6 17. Qd4 Qxd4 18. Rxd4 Rfc8 19. f3 e5 20. Rd2 b4 21.
Nd5 Nxd5 22. exd5 Rc5 23. Rhd1 f5 24. Re2 Kf6 25. Rdd2 a5 26. f4 e4 27. g4 h6
28. Re3 Re8 29. h3 Rb8 30. b3 Rbb5 31. a4 bxa3 32. Ka2 Rxd5 33. Rxd5 Rxd5 34.
Kxa3 Rc5 35. Kb2 d5 36. c3 fxg4 37. hxg4 g5 38. fxg5+ Kxg5 39. Rh3 Kxg4 40.
Rxh6 Kf3 41. Rf6+ Ke2 42. Rh6 Kd3 43. Rh4 Rxc3 44. Rh3+ e3 45. Rh1 Rc2+ 46. Kb1
Rd2 47. Kc1 d4 48. Rh5 Rc2+ 49. Kb1 e2 50. Rh1 Kd2 51. Rh2 d3 52. Rg2 Rc1+ 53.
Kb2 Rh1 54. Rf2 Ke3 55. Rf8 Kd2 56. Re8 e1=Q 57. Rxe1 Kxe1 58. b4 d2 59. bxa5
d1=Q 60. a6 Rh3 61. Ka2 Qc2+ 62. Ka1 Ra3# 0-1

[Event "4NCL Online Division 4"]
[Site "online"]
[Date "2021.01.26"]
[Round "1.123"]
[White "Seet, Joshua"]
[Black "Gogia, Abeer"]
[Result "0-1"]
[WhiteElo "1246"]
[BlackElo "1413"]
[PlyCount "140"]
[EventDate "2021.01.26"]
[WhiteTeam "Woking Warriors"]
[BlackTeam "4 Gems"]

1. d4 d5 2. c4 e6 3. Nc3 c5 4. cxd5 exd5 5. dxc5 d4 6. Nb5 Qa5+ 7. Bd2 Qxb5 8.
b3 Bxc5 9. e4 Qc6 10. Bd3 Ne7 11. Nf3 Bg4 12. a4 a6 13. Bf4 Ng6 14. Bg3 Nd7 15.
O-O Qf6 16. Be2 Nde5 17. Nxe5 Bxe2 18. Qxe2 Nxe5 19. Bxe5 Qxe5 20. f4 d3+ 21.
Rf2 dxe2 22. fxe5 Bxf2+ 23. Kxf2 O-O 24. Kxe2 Rfe8 25. Rd1 Rxe5 26. Kf3 Kf8 27.
Rd7 Rb8 28. h4 Ke8 29. Rd3 Rc8 30. Kf4 Rec5 31. g4 Rc3 32. Rd5 Rxb3 33. Re5+
Kf8 34. Rh5 h6 35. Rd5 Rb4 36. Rd7 Rxa4 37. Rxb7 a5 38. Rb5 Ra1 39. Rb7 a4 40.
Ra7 a3 41. g5 hxg5+ 42. hxg5 a2 43. Ke5 Rc5+ 44. Kd6 Rd1+ 45. Kxc5 a1=Q 46.
Rxa1 Rxa1 47. g6 fxg6 48. e5 Rd1 49. Kc4 g5 50. Kc3 g4 51. Kc2 Rd5 52. e6 g3
53. e7+ Kxe7 54. Kc3 g2 55. Kc4 Rd4+ 56. Kxd4 g1=Q+ 57. Ke4 Qf2 58. Kd3 Kd6 59.
Ke4 Qg3 60. Kf5 g6+ 61. Kf6 g5 62. Kf5 Qe5+ 63. Kg4 Qf4+ 64. Kh5 Qh4+ 65. Kg6
g4 66. Kf5 g3 67. Kg6 g2 68. Kf7 g1=Q 69. Ke8 Qe4+ 70. Kd8 Qg8# 0-1

[Event "4NCL Online Division 4"]
[Site "online"]
[Date "2021.01.26"]
[Round "1.124"]
[White "Rizvi, Aysha"]
[Black "Wicks, Alexander"]
[Result "0-1"]
[WhiteElo "1241"]
[BlackElo "1258"]
[PlyCount "116"]
[EventDate "2021.01.26"]
[WhiteTeam "4 Gems"]
[BlackTeam "Woking Warriors"]

1. d4 Nf6 2. Nc3 c5 3. d5 e5 4. e4 d6 5. Nf3 Be7 6. Be2 O-O 7. O-O Bg4 8. Rb1
Nbd7 9. a3 a6 10. b4 b5 11. Be3 c4 12. a4 Qb8 13. axb5 axb5 14. h3 Bh5 15. g4
Bg6 16. Bg5 h6 17. Bxf6 Nxf6 18. Nh4 Nxe4 19. Nxe4 Bxe4 20. Nf5 Bxf5 21. gxf5
Qc8 22. Bg4 h5 23. Bxh5 Qxf5 24. Qg4 Qxc2 25. Qd7 Rfe8 26. Qxb5 Rab8 27. Qd7
Qd2 28. Qa4 Qg5+ 29. Bg4 f5 30. Qc2 fxg4 31. hxg4 Qxg4+ 32. Kh1 Qh5+ 33. Kg1
Qg5+ 34. Kh1 Qf4 35. Qg6 Qf3+ 36. Kh2 Qxd5 37. b5 Qf7 38. Qg3 Qh5+ 39. Kg1 Qg5
40. b6 Qxg3+ 41. fxg3 d5 42. b7 Bc5+ 43. Kg2 Re7 44. Rf5 Bd4 45. Kf3 e4+ 46.
Kg4 Rd7 47. Kg5 Bf6+ 48. Kg6 Rd6 49. g4 d4 50. Rff1 e3 51. Rfe1 c3 52. Ra1 Rxb7
53. Ra8+ Rd8 54. Rxd8+ Bxd8 55. Ra1 c2 56. Ra8 Rd7 57. Rc8 e2 58. Rxc2 e1=Q 0-1

[Event "4NCL Online Division 4"]
[Site "online"]
[Date "2021.01.26"]
[Round "1.131"]
[White "Kruitbosch, Gijs"]
[Black "Dasgupta, Avyukt"]
[Result "1-0"]
[WhiteElo "1803"]
[BlackElo "1664"]
[PlyCount "65"]
[EventDate "2021.01.26"]
[WhiteTeam "Wigston 2"]
[BlackTeam "Watford Juniors A"]

1. e4 e6 2. d4 d5 3. exd5 exd5 4. Nf3 Nf6 5. Bf4 Bd6 6. Bxd6 Qxd6 7. Be2 Bf5 8.
O-O O-O 9. Nbd2 Nc6 10. Nb3 Ne4 11. Nfd2 Rad8 12. Nxe4 dxe4 13. c3 Rfe8 14. Qd2
Re6 15. Nc5 Rh6 16. h3 Bxh3 17. Nxe4 Qg6 18. Ng3 Be6 19. Qf4 Bd5 20. c4 Bxc4
21. Bxc4 Rxd4 22. Qxc7 Qf6 23. Rae1 g6 24. Ne4 Qf5 25. Nd6 Rxd6 26. Qxd6 Qh5
27. Re8+ Kg7 28. Qf8+ Kf6 29. Qxf7+ Kg5 30. Qd5+ Kf6 31. Re6+ Kg7 32. Qd7+ Kf8
33. Re8# 1-0

[Event "4NCL Online Division 4"]
[Site "online"]
[Date "2021.01.26"]
[Round "1.132"]
[White "Demjan, Denisz"]
[Black "Corlett, Les"]
[Result "0-1"]
[WhiteElo "1286"]
[BlackElo "1675"]
[PlyCount "92"]
[EventDate "2021.01.26"]
[WhiteTeam "Watford Juniors A"]
[BlackTeam "Wigston 2"]

1. g3 g6 2. d4 d5 3. Nc3 Bg7 4. Nf3 Nf6 5. Bg2 e6 6. Bg5 Nbd7 7. Ne5 O-O 8. e4
c6 9. Ng4 Qb6 10. Nxf6+ Nxf6 11. e5 Nd7 12. Rb1 f6 13. exf6 Bxf6 14. Bxf6 Rxf6
15. O-O Qc7 16. Ne2 b5 17. c3 Nb6 18. Qd2 a5 19. Qg5 Qf7 20. Qe5 Nc4 21. Qg5 a4
22. Qc1 Ba6 23. Nf4 Re8 24. b3 axb3 25. axb3 Nd6 26. Qa3 Bc8 27. Qxd6 e5 28.
Ne6 Rfxe6 29. Qc5 e4 30. Bh3 Rf6 31. Bg2 Bf5 32. Ra1 Qe7 33. Qa7 Qd6 34. Qb7
Re7 35. Qb6 Kg7 36. h3 e3 37. f4 Be4 38. Ra7 Bxg2 39. Rxe7+ Qxe7 40. Kxg2 Qe4+
41. Kg1 e2 42. Re1 Qf3 43. Qc7+ Kh6 44. f5 Rxf5 45. c4 Qf2+ 46. Kh1 Qxe1+ 0-1

[Event "4NCL Online Division 4"]
[Site "online"]
[Date "2021.01.26"]
[Round "1.133"]
[White "Pike, Andrew"]
[Black "George, Seb"]
[Result "1-0"]
[WhiteElo "1640"]
[BlackElo "1301"]
[PlyCount "33"]
[EventDate "2021.01.26"]
[WhiteTeam "Wigston 2"]
[BlackTeam "Watford Juniors A"]

1. c4 f5 2. d4 Nf6 3. Nc3 c5 4. e3 cxd4 5. exd4 d5 6. cxd5 Nxd5 7. Bb5+ Nc6 8.
Nf3 g6 9. O-O Bg7 10. Qa4 Nxc3 11. Bxc6+ bxc6 12. Qxc6+ Bd7 13. Qxc3 Rc8 14.
Qa3 Qb6 15. Bg5 Bf6 16. Bxf6 exf6 17. Rfe1+ 1-0

[Event "4NCL Online Division 4"]
[Site "online"]
[Date "2021.01.26"]
[Round "1.134"]
[White "Keerthi Kumar, Advait"]
[Black "Milligan, Alex"]
[Result "1-0"]
[WhiteElo "1248"]
[BlackElo "1497"]
[PlyCount "115"]
[EventDate "2021.01.26"]
[WhiteTeam "Watford Juniors A"]
[BlackTeam "Wigston 2"]

1. d4 Nf6 2. Bf4 g6 3. e3 Bg7 4. Nd2 d6 5. Ngf3 O-O 6. Bd3 Nbd7 7. c3 Qe8 8.
Qc2 e5 9. Bg3 Nh5 10. Bc4 c6 11. Nb3 d5 12. Be2 e4 13. Nfd2 Nxg3 14. hxg3 f5
15. O-O-O a5 16. Rde1 a4 17. Na1 b5 18. f3 Nf6 19. fxe4 Nxe4 20. Nxe4 Qxe4 21.
Bd3 Qe7 22. Qf2 Ba6 23. Rh2 Rf7 24. Nc2 Bf8 25. Nb4 Qc7 26. a3 Bxb4 27. cxb4
Re8 28. Rh4 Re6 29. Rf4 Ref6 30. g4 Bc8 31. gxf5 Bxf5 32. g4 Bxd3 33. Rxf6 Rxf6
34. Qxf6 Qg3 35. Qd8+ Kg7 36. Qe7+ Kg8 37. Qe6+ Kg7 38. Qe5+ Qxe5 39. dxe5 Kf7
40. Rh1 g5 41. Rh6 Bg6 42. Kd2 Ke6 43. Rh1 Kxe5 44. Rc1 Kd6 45. Rf1 Ke5 46. Rf8
Ke4 47. Rf6 d4 48. exd4 Kxd4 49. Rxc6 Ke4 50. Rc5 Kf4 51. Rxb5 Kxg4 52. Rc5 Kh3
53. Rxg5 Kh4 54. Rc5 h5 55. Ke3 Bf7 56. b5 Be6 57. b6 Bd7 58. b7 1-0

[Event "4NCL Online Division 4"]
[Site "online"]
[Date "2021.01.26"]
[Round "1.141"]
[White "Jaunooby, Ali R"]
[Black "Clancy, Martin J"]
[Result "1-0"]
[WhiteElo "2244"]
[BlackElo "1860"]
[PlyCount "91"]
[EventDate "2021.01.26"]
[WhiteTeam "Manchester Manticores 1"]
[BlackTeam "Wessex Some Stars D"]

1. d4 Nf6 2. Nf3 g6 3. c4 Bg7 4. Nc3 O-O 5. e4 d6 6. Be2 Nbd7 7. O-O e5 8. Re1
a5 9. dxe5 Nxe5 10. Nxe5 dxe5 11. Qxd8 Rxd8 12. Bg5 c6 13. f3 h6 14. Be3 Be6
15. Na4 Nd7 16. Red1 Bxc4 17. Bxc4 b5 18. Bb3 bxa4 19. Bxa4 Rac8 20. Rac1 Nb8
21. Bb6 Rxd1+ 22. Rxd1 Bf8 23. Bxa5 Bc5+ 24. Kf1 Bd4 25. Rd2 Na6 26. Bc3 c5 27.
Bb5 Nc7 28. Bc4 Rb8 29. Bxd4 exd4 30. Rc2 Kf8 31. b3 Ke7 32. Ke2 f6 33. f4 Kd6
34. Kd3 Rb6 35. Re2 Na6 36. e5+ fxe5 37. fxe5+ Ke7 38. Rf2 Nb4+ 39. Ke4 Ke8 40.
a3 Na6 41. Rf6 Rxf6 42. exf6 Nb8 43. a4 Nd7 44. Bb5 Kd8 45. Bxd7 Kxd7 46. a5
1-0